ბათუმის შოთა რუსთაველის სახელმწიფო უნივერსიტეტის ბიბლიოთეკა

სამართლის ზოგადი თეორია / (ბიბ.ჩანაწერი № 37639)

000 -ლიდერი
ფიქსირებული სიგრძის საკონტროლო ველი 01377nam a2200265Ia 4500
001 - საკონტროლო ნომერი
საკონტროლო ველი 3611
003 - საკონტროლო ნომრის იდენტიფიკატორი
საკონტროლო ველი GE_BSU
005 - ბოლო ოპერაციის თარიღი და დრო
საკონტროლო ველი 20190624154426.0
008 - ფიქსირებული სიგრძის მონაცემთა ელემენტები - ზოგადი ინფორმაცია
ფიქსირებული სიგრძის საკონტროლო ველი 181216s2010||||ge |||||||||||||| ||geo||
020 ## - წიგნის საერთაშორისო სტანდარტული ნომერი
International Standard Book Number 9789941915727
040 ## - კატალოგიზაციის წყარო
Transcribing agency GE_BSU
041 ## - ენის კოდი
Language code of text/sound track or separate title geo
080 ## - უნივერსალური ათობითი კლასიფიკაციის ინდექსი
Universal Decimal Classification number 340.1 ვ–26
100 ## - მთავარი ჩანაწერი - პიროვნების სახელი
Personal name ვაჩეიშვილი, ალექსანდრე
9 (RLIN) 2833
245 ## - ცნობა სათაურის შესახებ
Title სამართლის ზოგადი თეორია /
Statement of responsibility, etc ალ. ვაჩეიშვილი ; რედ.: ო. გამყრელიძე, მ. მარინაშვილი ; თინათინ წერეთლის სახელმწიფოსა და სამართლის ინ-ტი.
264 ## - წარმოების, გამოცემის, დისტრიბუციის და სხვა ცნობები
გამოცემის, წარმოების, დისტრიბუციის... ადგილი თბილისი :
გამოცემის, წარმოების, დისტრიბუციის... სახელწოდება სამართალი,
გამოცემის, წარმოების, დისტრიბუციის... თარიღი 2010.
300 ## - ფიზიკური აღწერა
Extent 235 გვ.
Other physical details 20 სმ.
501 ## - შენიშვნა თანმხლებ მასალაზე
With note ავტორთა საძ.: გვ. 231-233.
504 ## - BIBLIOGRAPHY, ETC. NOTE
Bibliography, etc ბიბლიოგრ. ტექსტ. შენიშენ.
653 ## - INDEX TERM--UNCONTROLLED
Uncontrolled term სამართლის თეორია
700 ## - ADDED ENTRY--PERSONAL NAME
Personal name გამყრელიძე, ოთარ
Relator term რედაქტორი
9 (RLIN) 2834
700 ## - ADDED ENTRY--PERSONAL NAME
Personal name მარინაშვილი, მარინა
Relator term რედაქტორი
9 (RLIN) 2835
710 ## - ADDED ENTRY--CORPORATE NAME
Corporate name or jurisdiction name as entry element სახელმწიფოსა და სამართლის ინ-ტი
9 (RLIN) 173
942 ## - ADDED ENTRY ELEMENTS (KOHA)
Koha item type წიგნი
Source of classification or shelving scheme
ეგზემპლარები
ჩამოწერის სტატუსი დაკარგული ეგზემპლარის სტატუსი კლასიფიკაციის წყარო ან თაროზე გაწყობის სქემა დაზიანების სტატუსი არ გაიცემა მუდმივი მდებარეობა (დაცვის ადგილი) ამჟამინდელი ადგილსამყოფელი თაროზე განთავსების ადგილი შეძენის თარიღი სრული შენახვის შიფრი შტრიხკოდი ბოლო ოპერაციის თარიღი ეგზემპლარის მიმდევრობითი ნომერი (კეტერი?) ფასის ძალაში შესვლის თარიღი ეგზემპლარის სახეობა საჯარო შენიშვნა
          ბათუმის შოთა რუსთაველის სახელმწიფო უნივერსიტეტის მთავარი ბიბლიოთეკა ბათუმის შოთა რუსთაველის სახელმწიფო უნივერსიტეტის მთავარი ბიბლიოთეკა წიგნსაცავი 2018-12-17 340.1 ვ–26 5131 2018-12-17 5131 2018-12-17 წიგნი